000 00441nam a2200145 a 4500
001 000049168
005 20201002061714.0
008 190724s2009 dr 000 spa d
040 _aDO-SdBNP
_bspa
_cBNPHU
082 _axxx
_bC743
245 0 _aConvención de las Naciones Unidas contra la corrupción.
260 _aSanto Domingo :
_bPlan de Seguridad Democrática,
_c2009.
300 _a175 p. ;
_c13 cm.
590 _aInventariado, 2019 / DG
999 _c48656
_d48656